L'homme de Dieu ou le prêtre considéré dans la sublimité de ses pouvoirs, les bienfaits de son ministère et les...sa charité.

Detalles Bibliográficos
Autor principal: LEBON, Cuberto
Formato: Libro
Publicado: Lyon / París 1848
Materias:
Colección:Banco de datos
Acervo:Biblioteca Nacional de Antropología e Historia. Fondo Conventual
Tema general:Homilética
Notas:Buena. XI,7,10.
LEADER 00716nam a22001930004500
035 |a 11798 
036 |a 6403 
100 1 |a LEBON, Cuberto 
245 1 0 |a L'homme de Dieu ou le prêtre considéré dans la sublimité de ses pouvoirs, les bienfaits de son ministère et les...sa charité. 
260 |a Lyon / París  |b Hermanos Perisse  |c 1848 
500 |a Buena. XI,7,10. 
650 1 0 |a Homilética 
949 |a B.N.A.H. 
959 |a Biblioteca Nacional de Antropología e Historia. Ciudad de México  |b CCC1 
960 |a Seminario de Morelia  |b DD56 
961 |a Casa de formación del Clero Secular  |b CS 
942 |c B.N.A.H. 
943 |g Biblioteca Nacional de Antropología e Historia. Fondo Conventual 
999 |c 1036330  |d 1036330